000
00328 a2200157 4500
001
152589
040
_c
Escola São Tomás de Aquino
100
_a
ALENCAR, José de
240
1
0
_a
Senhora
_l
por
245
1
0
_a
Senhora
300
_a
88
362
0
_a
2003
440
1
_a
Scipione
697
_a
*LITERATURA JUVENIL
942
_c
BK
999
_c
152589
_d
152589